000 00547nam a2200181Ia 4500
008 090123s9999 xx 000 0 und d
082 _b33741
_a923.254/महर्षी
100 _aमहर्षी विनोद
245 _aधवलगिरी
250 _a4
260 _bप्रचार प्रकाशन
_c1999
300 _a261
600 _aमहर्षी विनोद
630 _aधवलगिरी
700 _aमहर्षी विनोद
730 _aधवलगिरी
942 _cBOOK
999 _c71796
_d71796